00539nam a2200157 a 450000100100000000500170001000800410002704000250006811000320009324000180012524500550014326000370019830000230023595201060025899900170036400003839220201002031239.0130410s1971 dr 000 0 spa d aDO-SdBNPbspacBNPHU1 aRepública Dominicana944710a[Leyes, etc.]10aLey de registro de tierras con sus modificaciones. aSanto Domingo :bCaribe ,c1971. a116 p. : ;c22 cm. 00107-18PDaPDbPDcOId2013-04-10iLF1l0o p38392-10r2020-06-25w2020-06-25yLFPDZNo se presta c37882d37882